00989nam a2200301 c 450000100060000000300100000600500170001600700030003300800410003602000180007704000350009504100080013008200200013810000320015824500750019025000220026526400510028730000680033833600270040633700330043333800280046649000170049452100410051154500660055265000290061865000170064765000230066459829CO-BoRNBP20251106221116.0ta210823s2011 ck ao er 000 0dspa d a9789588675534 aCO-BoRNBPbspaerdacCO-BoRNBP0 aspa04a635.9bR35f222 aRimache Artica, Mijaileaut10aFloricultura :bcultivo y comercialización /cMijail Rimache Artica. aPrimera edición 1aBogotá, Colombia :bEdiciones de la U,c2011 a251 páginas :bilustraciones, fotografías en blanco y negro atextobtxt2rdacontent asin mediaciónbn2rdamedia avolumenbnc2rdacarrier0 aAgropecuaria aRecomendado para un público adulto aIncluye datos biográficos del autor en la contra carátula07aAnatomía vegetal2lemb07aFlores2lemb07aFloricultura2lemb